000 00649nam a22002537a 4500
003 UA-OsUOA
001 36191
007 ta
008 20060119b un ||||| |||| 00| 0 ukr d
100 _aТолстоухов А.В.
700 _aПерова О.Є.
090 _a130.2
_bЛ93
942 _cBK
040 _aUA-OsUOA
_bukr
_cUA-OsUOA
_dUA-OsUOA
245 _aЛюдина в лабіринті перспектив
300 _a220 с.
955 _a2
041 _aukr
080 _a130.2
020 _a966-8210-11-5
260 _aК.
_bПАРАПАН
_c2004
650 7 _a1 Філософські науки
_2UDC
999 _c322441
_d322441